[Event "Sautron op 11th"]
[Site "Sautron"]
[Date "2011.10.23"]
[Round "5"]
[White "Stephan, Victor"]
[Black "Drochon, Francois"]
[Result "1-0"]
[WhiteElo "2302"]
[BlackElo "1754"]
[PlyCount "33"]
[EventDate "2011.10.22"]
[EventType "swiss"]
[EventRounds "9"]
[EventCountry "FRA"]
[SourceTitle "EXT 2016"]
[Source "ChessBase"]
[SourceDate "2015.10.08"]
[SourceVersion "1"]
[SourceVersionDate "2015.10.08"]
[SourceQuality "1"]

1. e4 c6 2. d4 d5 3. Nc3 dxe4 4. Nxe4 Bf5 5. Nc5 Qc7 6. Bd3 Bxd3 7. Nxd3 e6 8. Bf4 Bd6 9. Qg4 g6 10. Be5 Bxe5 11. dxe5 Nd7 12. Nf3 0-0-0 13. 0-0-0 Nh6 14. Qf4 Nf5 15. g4 Ng7 16. Qxf7 Rhf8 17. Qxg7 1-0